| 000 | 00620 a2200205 4500 | ||
|---|---|---|---|
| 502 | _aThèse d'exercice | ||
| 653 | 1 | _aSciences agronomiques | |
| 100 | _aSourakatou, Moudachirou E | ||
| 300 | _aVIII-157 p. | ||
| 245 | _aDynamique des systèmes de consommation alimentaire : le cas du Bénin | ||
| 650 | _aCONSOMMATION ALIMENTAIRE | ||
| 650 | _aMETHODE D'OPTIMISATION | ||
| 130 | _lFr | ||
| 710 | _aAbomey-Calavi, Université nationale du Bénin, Faculté des Sciences Agronomiques, BJ | ||
| 041 | _bFr | ||
| 041 | _bEn | ||
| 653 | 1 | _aNutrition et sciences agro-alimentaires | |
| 651 | _aBENIN | ||
| 999 |
_c30134 _d30134 |
||